| 000 | 00929nam0a22002291i 4500 | ||
|---|---|---|---|
| 001 | rc\4702925 | ||
| 005 | 20240726050610.0 | ||
| 021 |
_aRU _b[68-9357] |
||
| 035 | _a(NLR Aleph) 008433829 | ||
| 090 |
_a9434397 _c9434397 |
||
| 100 | _a20130416d1967 |||y0rusy50 ca | ||
| 101 | 0 | _arus | |
| 102 | _aRU | ||
| 105 | _ay d ||||| | ||
| 200 | 1 |
_aВоспитание воли учащихся - важное условие повышения успеваемости в вечерних (сменных) школах _eСпециальность 730 - теория педагогики _eАвтореферат дис. на соискание учен. степени канд. пед. наук _fЛатв. гос. ун-т им. Петра Стучки |
|
| 210 |
_aРига _d1967 |
||
| 215 | _a27 с. | ||
| 700 | 1 |
_aСтепе _bА.Ф. |
|
| 801 | 0 |
_aRU _bNLR _gpsbo |
|
| 801 | 1 |
_aRU _bELAR _2rusmarc |
|
| 852 |
_aNLR _j68-4/5640 |
||
| 942 | _cBOOK | ||